000 00694nam a2200205 a 4500
001 000008939
005 20240412074208.0
008 090921s2000 dr 001 p spa d
040 _aDO-SdBNP
_bspa
_cBNPHU
082 _aRD861.44
_bP123s
100 1 _aPadilla Almonte, Natividad
_923523
245 1 0 _aSueños /
_cNatividad Padilla Almonte ; prólogo Juan Luciano Amadís Rodríguez.
260 _aMonseñor Nouel :
_bCentenario,
_c2000.
300 _a101 p. ;
_c22 cm.
590 _aInventariado, 2018/LP
650 0 _aPoesía dominicana
_966
650 0 _aLiteratura dominicana.
_967
700 1 2 _aAmadís Rodríguez, Juan Luciano,
_epról.
_919706
910 _aValidado. Control de calidad MFF
999 _c8705
_d8705